000
00270nam a22001217a 4500
008
230704b xxu||||| |||| 00| 0 eng d
082
_a
341.33
_b
MFA
100
_c
MFA
245
_a
Diplomatic and Consular Conventions
260
_b
MFA
300
_a
63p
942
_2
ddc
_c
BK
999
_c
3749
_d
3749